• 首页
  • 本馆介绍
  • 公告通知
  • 最新文献
  • 馆藏检索
  • 电子资源
  • 读者导购
  • 参考咨询
  • 我的图书馆
  • 登录
  • 详细信息显示
  • 放入我的书架
  • 预约/预借图书
  • 作者相关作品
  • 分类相关作品
  • 丛书相关作品
  • 出版社相关作品

书目信息

  • 表格格式
  • 工作单格式
  • 卡片格式
题名:
北京奥运精神
    
 
作者: 黄宏 主编
分册:  
出版信息: 北京   人民出版社  2008
页数: 352页
开本: 21cm
丛书名: 弘扬革命精神系列丛书
单 册:
中图分类: G811.211
科图分类:
主题词: 夏季奥运会--北京市--2008 , 夏季奥运会
电子资源:
ISBN: 978-7-01-007474-0
000 00942oam2 2200253 45
005 20100303143958.37
010    @a978-7-01-007474-0@dCNY22.00
100    @a20100120d2008 em y0chiy50 ea
101 0  @achi
102    @aCN@b110000
105    @ay z 000yy
106    @ar
200 1  @a北京奥运精神@ABei Jing Ao Yun Jing Shen@f黄宏主编@FHuang Hong Zhu Bian
210    @a北京@c人民出版社@d2008
215    @a352页@d21cm
225 2  @a弘扬革命精神系列丛书
330    @a本书包括:“奥运,中华百年梦圆”、“更快更高更强”、“友谊竞争团结进步”、“自主创新兑现承诺”、“顽强拼搏 重在参与”、“平安奥运共擎祥云”、“开放奥运成熟自信”、“奥运中国全新理念”、“弘扬北京奥运精神构建和谐社会”等章节。
461  0 @12001 @a弘扬革命精神系列丛书
606 0  @a夏季奥运会@y北京市@z2008
606 0  @a夏季奥运会
690    @aG811.211@v4
701  0 @a黄宏@AHuang Hong@4主编
801  0 @aCN@bTANGWEI@c20100303
905    @b0583916-20@dG811.211@e54@f5
    
    北京奥运精神/黄宏主编.-北京:人民出版社,2008
    352页;21cm.-(弘扬革命精神系列丛书)
    
    
    ISBN 978-7-01-007474-0:CNY22.00
    本书包括:“奥运,中华百年梦圆”、“更快更高更强”、“友谊竞争团结进步”、“自主创新兑现承诺”、“顽强拼搏 重在参与”、“平安奥运共擎祥云”、“开放奥运成熟自信”、“奥运中国全新理念”、“弘扬北京奥运精神构建和谐社会”等章节。
●
相关链接 在E读中查询图书 在五车中查询图书 在当当中查询图书 在豆瓣中查询图书


正题名:北京奥运精神     索取号:G811.211/54         预约/预借

序号 登录号 条形码 馆藏地/架位号 状态 备注
1 0583916   205839164   第一样本阅览室/ [索取号:G811.211/54] 在馆    
2 0583917   205839173   第四借阅区/ [索取号:G811.211/54] 在馆    
3 0583918   205839182   第四借阅区/ [索取号:G811.211/54] 在馆    
4 0583919   205839191   第四借阅区/ [索取号:G811.211/54] 在馆    
5 0583920   205839208   第四借阅区/ [索取号:G811.211/54] 在馆    
唐山师范学院图书馆 欢迎您!
大连网信软件有限公司© 版权所有